| 000 | 00998nam a2200289 a 4500 | ||
|---|---|---|---|
| 001 | vtls002896706 | ||
| 003 | ES-BaIT | ||
| 005 | 20230512101851.0 | ||
| 008 | 120412s2011 spc|||| |||| 000 d cat|c | ||
| 010 | _a2896706 | ||
| 020 | _a9788415248576 | ||
| 035 | _ab5248483x | ||
| 039 | 9 |
_a201403072143 _bVLOAD _c201303091838 _dVLOAD _c201207101238 _drieravj _c201204121040 _dreguilonfl _y201204121040 _zreguilonfl |
|
| 080 | _a849.9-2"19" | ||
| 100 | 1 |
_aCasanovas, Jordi, _d1978- _912129 |
|
| 245 | 1 | 4 |
_aUna història catalana / _cJordi Casanovas |
| 260 |
_a[Tarragona] : _bArola, _c2011 |
||
| 300 |
_a162 p. ; _c17 cm |
||
| 490 | 1 |
_aTextos a part. _pTeatre contemporani ; _v94 _963285 |
|
| 500 | _aP17: D7, H10 | ||
| 830 | 0 |
_aTextos a part. _pTeatre contemporani ; _v94 _963285 |
|
| 940 | _aCVA7 | ||
| 949 |
_AVIRTUAITEM _D10040 _G10040 _X1 _61900063483 _a849 CASA his |
||
| 998 | _aVIRTUA | ||
| 998 | _aVTLSSORT0080*0200*0350*0800*1000*2450*2600*3000*5000*8300*8560*9400*9992 | ||
| 999 |
_c117224 _d117224 |
||
| 040 |
_aES-BaIT _bcat |
||